Cooperative management: (Record no. 17049)

MARC details
000 -LEADER
fixed length control field 00711 aa a2200205 4500
008 - FIXED-LENGTH DATA ELEMENTS--GENERAL INFORMATION
fixed length control field 081020t xxu||||| |||| 00| 0 eng d
010 ## - LIBRARY OF CONGRESS CONTROL NUMBER
LC control number ENG-84082
020 ## - INTERNATIONAL STANDARD BOOK NUMBER
International Standard Book Number 817629795X
020 ## - INTERNATIONAL STANDARD BOOK NUMBER
Terms of availability 1280.00 (hb)
035 ## - SYSTEM CONTROL NUMBER
System control number EN-67615
082 ## - DEWEY DECIMAL CLASSIFICATION NUMBER
Classification number 658.047
100 ## - MAIN ENTRY--PERSONAL NAME
Personal name Nakkiran, S
245 ## - TITLE STATEMENT
Title Cooperative management:
Remainder of title principles and techniques /
Statement of responsibility, etc by S Nakkiran
260 ## - PUBLICATION, DISTRIBUTION, ETC. (IMPRINT)
Place of publication, distribution, etc New Delhi
Name of publisher, distributor, etc Deep and Deep Publications
260 ## - PUBLICATION, DISTRIBUTION, ETC. (IMPRINT)
Date of publication, distribution, etc 2006
300 ## - PHYSICAL DESCRIPTION
Extent xiii,648p
Dimensions 24cm
500 ## - GENERAL NOTE
General note Includes index
942 ## - ADDED ENTRY ELEMENTS (KOHA)
Source of classification or shelving scheme Dewey Decimal Classification
Koha item type English Books
Classification part 658.047
Call number suffix NAK
Holdings
Withdrawn status Lost status Source of classification or shelving scheme Damaged status Not for loan Home library Current library Date acquired Cost, normal purchase price Total Checkouts Full call number Barcode Date last seen Copy number Cost, replacement price Price effective from Koha item type
    Dewey Decimal Classification   Not For Loan D.B.Act.Division D.B.Act.Division 23/02/2007 1280.00   658.047 NAK EN-67615 21/10/2008 1 1280.00 21/10/2008 English Books

© Delhi Public Library
Hit Counter
free hit counter